000 01377nam a2200361 c 4500
003 BLK
005 20180420222320.0
008 180408b bul|||||r ||||||| ||bul||
010 _aKNG00057219000
040 _aBLK
041 _aBUL
_cBUL
080 _aБридж, вист и др. подобни игри
_b794.41
_x(035)
_z794.41(035)
100 1 _aГароцо, Бенито
_eпърви автор
_951423
700 1 _aЯлуз, Леон
_eсъавт.
_9145331
700 1 _aДаскалов, Георги
_eпрев. от англ.
_9247538
139 _aГароцо, Бенито и др.
_bГ 23
245 1 0 _aСиня трефа
_bРъководство
_cБенито Гароцо; съавт. Леон Ялуз; прев. от англ. Георги Даскалов.
257 _aFRA
260 София
_bМедицина и физкултура
_c1981
300 _a207 с.
_c17 см
380 _a79
500 _aОриг. загл. на фр. ез. ; Загл. на англ. The Blue Club. - Офс. изд. - 50 115 тир.
650 4 _aБридж (спорт)
_9149189
653 _aигри с карти
653 _aбридж
653 _aнаръчници
653 _aръководства
852 _aЦб І 18641
856 4 _qpdf
_u
856 4 _qpdf
_u
942 _cKNG
_n0
944 _aCR
_c22.12.2005
_kЛюдмила_Стоянова
944 _aED
_c27.12.2005
_k
999 _c53284
_d53284